000 00644nam a22002177a 4500
003 UA-OsUOA
001 72034
007 ta
008 20101217b un ||||| |||| 00| 0 ukr d
100 _aБутук О.
090 _a330(477)
_bБ93
942 _cSA
040 _aUA-OsUOA
_bukr
_cUA-OsUOA
_dUA-OsUOA
245 _aЛібералізм про суспільний характер та механізм регулювання капіталістичного виробництва
300 _aС.36-46
955 _a0
041 _aukr
080 _a330(477)
773 0 _w72031
650 7 _a330 Економіка взагалі
_2UDC
999 _c358305
_d358305